R v Pembrokeshire Coast National Park Authority ex p Council for National Parks Ltd (Record no. 74850)

MARC details
000 -LEADER
fixed length control field 02129cab a2200193 4500
001 - CONTROL NUMBER
control field ABS68760
008 - FIXED-LENGTH DATA ELEMENTS--GENERAL INFORMATION
fixed length control field 050228n2004 000 0 eng u
035 ## - SYSTEM CONTROL NUMBER
System control number (Sirsi) u128900
041 ## - LANGUAGE CODE
Language code of text/sound track or separate title eng
245 ## - TITLE STATEMENT
Title R v Pembrokeshire Coast National Park Authority ex p Council for National Parks Ltd
260 ## - PUBLICATION, DISTRIBUTION, ETC.
Date of publication, distribution, etc. 2004
520 ## - SUMMARY, ETC.
Summary, etc. [2004] EWHC 2907 (Admin), 17 December 2004. Discussed if local economic benefit constitutes a material consideration. P granted outline planning permission to develop Bluestone holiday village within Pembrokeshire national park. C contended that P had acted contrary to the local plan policy, breaching the requirements of the Town and Country Planning Act 1990 s54A by following a flawed decision-making process, which took account of the development's local economic value as a reason for not adhering to the development plan. C argued that, if the development did not meet the criterion set out in the local plan that it must contribute to an overriding national interest, then the local economic benefit cannot be relied on as a material consideration in P's decision. C also alleged bias on the part of two members of P. "Held": claim dismissed. P's decision-making process was fully in accordance with the law. Even if the local economic case was considered insufficient under the terms of the local plan to be deemed an overriding national need, it remained a material consideration. P was entitled to consider whether the economic benefits of the development nonetheless justified the development in the circumstances. The court rejected the alleged bias accusation against the two members. The Council for National Parks has been granted permission to appeal against decision.
590 ## - LOCAL NOTE (RLIN)
Local note ABS
650 ## - SUBJECT ADDED ENTRY--TOPICAL TERM
Topical term or geographic name entry element R V PEMBROKESHIRE COAST NATIONAL PARK AUTHORITY AND OTHERS EX P NATIONAL PARKS LTD
650 ## - SUBJECT ADDED ENTRY--TOPICAL TERM
Topical term or geographic name entry element TOWN AND COUNTRY PLANNING ACT 1990 S54A
690 ## - LOCAL SUBJECT ADDED ENTRY--TOPICAL TERM (OCLC, RLIN)
Topical term or geographic name as entry element ENVIRONMENTAL AND LAND CONSULTANCY-PLANNING AND DEVELOPMENT-PLANNING GUIDANCE-LOCAL DEVELOPMENT PLANS
856 ## - ELECTRONIC LOCATION AND ACCESS
Uniform Resource Identifier <a href="https://www.bailii.org/ew/cases/EWHC/Admin/2004/2907.html">https://www.bailii.org/ew/cases/EWHC/Admin/2004/2907.html</a>
Public note View the judgment at www.bailii.org...
942 ## - ADDED ENTRY ELEMENTS (KOHA)
Suppress in OPAC 0
Holdings
Withdrawn status Lost status Source of classification or shelving scheme Damaged status Not for loan Home library Current library Shelving location Date acquired Total Checkouts Full call number Barcode Date last seen Copy number Price effective from Koha item type
    Dewey Decimal Classification     London London Journal article 28/02/2005   ABS68760 128900-1001 06/08/2019 1 06/08/2019 Law report
    Dewey Decimal Classification     Virtual Virtual Online 27/04/2005   ONLINE PUBLICATION 128900-2001 06/08/2019 1 06/08/2019 Law report